| 000 | 00630nam a22001817a 4500 | ||
|---|---|---|---|
| 005 | 20240322125442.0 | ||
| 010 | _aENG-139899 | ||
| 020 |
_a9789391211578 _c1295.00 |
||
| 035 | _aEN-123431 | ||
| 037 | _bDBAD/PUB | ||
| 082 | _a347.739 | ||
| 100 |
_aGarg,Shashank _963872 |
||
| 245 |
_aArbitrator's Handbook/ _b _cby Shashank,Garg |
||
| 260 |
_bLexis Nexis (P) . Ltd. _a Haryana |
||
| 270 |
_a14th floor, building No 10, Tower-B,DLF Cyber City , Phase-II _b Gurgaon, Haryana _e122002 _k+91124774444 _l+911244774100 _mhelp.in@lexisnexis.com |
||
| 300 |
_a463p. _c25cm(hb) _bill. |
||
| 942 |
_2ddc _cEN _h347.739 _m GAR |
||
| 999 |
_c201728 _d201728 |
||